| 000 | 00696nam a2200253 i 4500 | ||
|---|---|---|---|
| 001 | 000027986 | ||
| 003 | DO-SdBNP | ||
| 005 | 20250820131409.0 | ||
| 007 | ta | ||
| 008 | 110406s1978 dr 000 p spa d | ||
| 040 |
_aDO-SdBNP _bspa _cBNPHU _erda |
||
| 041 | _aspa | ||
| 082 |
_axxx _bC745 _222 |
||
| 100 | 1 |
_aConde Pausas, Alfredo _eautor _4aut. _924702 |
|
| 245 | 1 | 0 |
_aAbril. / _cAlfredo Conde Pausas. |
| 264 | 1 |
_aSanto Domingo : _bEditora Taller, _c1978. |
|
| 300 |
_a37 páginas _c15 cm. |
||
| 336 |
_atexto _btxt _2rdacontent |
||
| 337 |
_asin mediación _bn _2rdamedia |
||
| 338 |
_avolumen _bnc _2rdacarrier |
||
| 590 | _aInventario, 2023/ YL | ||
| 910 | _aYLockward | ||
| 942 |
_2ddc _cLF2 |
||
| 999 |
_c27478 _d27478 |
||